00759nam a2200193 i 450000100060000000300090000600500170001500700030003200800410003510000270007624501350010326000550023830000320029360000470032570000340037285200220040699900170042895201200044558063ES-MaACL20250618143725.0t|031020s1945 sp f |||| |bspa d1 aDupont, Marcel.94610810aCarolina Bonaparte b: (la hermana preferida de Napoleón) / cMarcel Dupont ; traducido del francés por Gregorio G. Puigdeval. aMadrid : b[s.n., c1945] (fArtes Gráficas Sol) a169 p., 5 lám. ; c22 cm.17aBonaparte, Caroline, d1782-1839291694071 aPuigdeval, Gregorio G.994294 aES-MaACLjB-10417 c58063d58063 00104070aATENEOMbATENEOMcSPBd2008-01-17eSCl0oB-10417p1060935r2023-02-23 00:00:00w2023-02-23yMONOGRAFIA